00581nam a2200205 i 4500001001100000003000500011005001700016008004100033040002500074082002200099100003000121245002200151264006600173300002400239336002100263337002500284338002300309650003200332700001100364C2-0235383PPAK20180727195501.0010904s1975 my |||| ||||| | may d aPPAKbengcPPAKerda04a899.2300913052230 aAbdul Wahab Ali, eauthor10aDi penjuru matamu 1aKuala Lumpur : bPenerbutan Utusan Melayu (M) Berhad , c1975 a205 pages ; c21 cm 2rdacontentatext 2rdamediaaunmediated 2rdacarrieravolume10aMalay poetry - 20th century eauthor